Countries and Clubs of FIFA World Cup 2022 Squads - Group A - Statistics

General Stats
  • This quiz has been taken 160 times
    147 since last reset
  • The average score is 11 of 23
Answer Stats
Answer % Correct
Netherlands
88%
Ajax Amsterdam
84%
Qatar
84%
England
83%
Ecuador
82%
PSV Eindhoven
78%
France
75%
Spain
75%
Italy
71%
Chelsea
52%
Brighton and Hove Albion
50%
Inter Milan
43%
Mexico
42%
United States
40%
Barcelona
37%
Al-Sadd
31%
Olympique Marseille
28%
Al-Duhail
20%
Atalanta
15%
AS Monaco
14%
Los Angeles FC
11%
Al-Gharafa
8%
Santos Laguna
6%
No matching quizzes found
Score Distribution
Percent of People with Each Score
Percentile by Number Answered
Your Score History
You have not taken this quiz since the last reset